000 00786nam a2200253 i 4500
003 DO-SdBNP
005 20250319141112.0
007 ta
008 250319s1999 000 spa d
040 _aDO-SdBNP
_bspa
_cBNPHU
_erda
041 _hspa
082 _a346.729307
_bV648
_222
100 1 _aVidal Potentini, Trajano
_eautor
_987251
245 0 _aCódigo de comercio de la República Dominicana /
_cTrajano Vidal Potentini
264 _aSanto Domingo :
_bDalis,
_c1999
300 _a244 páginas ;
_c16 cm
336 _ardacontent
_btexto
_2txt
337 _ardamedia
_bsin mediación
_2n
338 _ardacarrier
_bvolumen
_2nc
590 _aInventariado, 2025/DG
650 4 _aDerecho comercial
_xLegislación
_zRepública Dominicana
_910077
910 _aDG
942 _2ddc
_cLBS1
999 _c28022
_d28022